CoD Modern Warfare 2 Primary Weapons - Statistics

General Stats
  • This quiz has been taken 699 times
  • The average score is 13 of 24
Answer Stats
Hint Answer % Correct
Intervention
81%
Assault Rifles M4A1
78%
AK-47
77%
Police Brutality Weapon Riot Shield
76%
Submachine Guns UMP45
75%
ACR
74%
SCAR-H
66%
FAMAS
65%
MP5K
58%
WA2000
57%
Sniper Rifles Barrett .50
56%
Light Machine Guns RPD
55%
P90
52%
FAL
51%
M16A4
51%
Vector
51%
TAR-21
50%
Mini Uzi
48%
F2000
47%
M21 EBR
44%
AUG-HBAR
27%
M240
26%
MG4
23%
LSW
12%
No matching quizzes found
Score Distribution
Percent of People with Each Score
Percentile by Number Answered
Your Score History
You have not taken this quiz